000 01953nam a2200289 a 4500
001 ASINB00ANYCZVA
005 20170105102928.0
008 131216s2011 xxu eng d
020 _a1610390865 (hardcover)
_c$25.99
020 _a9781610390866 (hardcover)
040 _a0
050 0 4 _aRA644.M2
082 0 4 _a614.532
_bPER 2011
100 1 _aPerry, Alex.
245 1 0 _aLifeblood :
_bhow to change the world one dead mosquito at a time /
_cAlex Perry.
250 _a1st ed.
260 _a[S.l.] :
_bPublicAffairs,
_c2011.
300 _a256 p. ;
_c22 cm.
500 _aBargain Price.
520 _aIn 2006, the Wall Street pioneer and philanthropist Ray Chambers flicked through some holiday snapshots taken by his friend, development economist Jeff Sachs, and remarked on the placid beauty of a group of sleeping Malawian children. “They’re not sleeping,” Sachs told him. “They’re in malarial comas. A few days later, they were all dead.” Chambers had long avoided the public eye, but this moment sparked his determination to coordinate an unprecedented, worldwide effort to eradicate a disease that has haunted humanity since before the advent of medicine. Award-winning journalist Alex Perry obtained unique access to Chambers, now the UN Special Envoy for Malaria. In this book, Perry weaves together science and history with on-the-ground reporting and a riveting exposé of the workings of humanitarian aid to document Chambers’ campaign. By replacing traditional ideas of assistance with business acumen and hustle, Chambers saved millions of lives, and upturned current notions of aid, forging a new path not just for the developing world but for global business and philanthropy.
650 0 _aAfrica
650 0 _aEpidemics
650 0 _aInternational cooperation
650 0 _aMalaria--Prevention
856 4 0 _3Amazon.com
_uhttp://www.amazon.com/exec/obidos/ASIN/B00ANYCZVA/chopaconline-20
942 _2ddc
_cBK
999 _c15934
_d15934